En el África tenebrosa (Record no. 165723)

MARC details
000 -LEADER
campo de control de longitud fija 01050nam a2200229 i 4500
001 - NÚMERO DE CONTROL
campo de control 165723
003 - IDENTIFICADOR DE NÚMERO DE CONTROL
campo de control ES-MaACL
005 - FECHA Y HORA DE LA ÚLTIMA TRANSACCIÓN
campo de control 20250911063601.0
008 - DATOS DE LONGITUD FIJA--INFORMACIÓN GENERAL
campo de control de longitud fija 940301s1891 sp abf |||| |dspa d
100 1# - ENTRADA PRINCIPAL--NOMBRE DE PERSONA
Nombre de persona Stanley, Henry M.,
Fechas asociadas al nombre 1841-1904
9 (RLIN) 107904
245 10 - MENCIÓN DEL TÍTULO
Título En el África tenebrosa
Resto del título : historia de la expedición emprendida en busca y auxilio de Emin, gobernador de la provincia ecuatorial egipcia /
Mención de responsabilidad, etc. por Enrique M. Stanley ; traducida del inglés por José Coroleu...
260 ## - PUBLICACIÓN, DISTRIBUCIÓN, ETC.
Lugar de publicación, distribución, etc. Barcelona :
Nombre del editor, distribuidor, etc. Espasa y Compañia,
Fecha de publicación, distribución, etc. [1891]
300 ## - DESCRIPCIÓN FÍSICA
Extensión XX, 840 p., [52] h. de lám. col. y n. :
Otras características físicas il., mapas ;
Dimensiones 31 cm.
530 ## - NOTA DISPONIBLE DE FORMULARIO FÍSICO ADICIONAL
Nota de formato físico adicional disponible Disponible en formato digital.
596 ## - NOTA AL PIE DE IMPRENTA
NOTA AL PIE DE IMPRENTA Palau XXII, 143 lo fecha en 1891.
600 04 - PUNTO DE ACCESO ADICIONAL DE MATERIA--NOMBRE DE PERSONA
Nombre de persona Emin Pash (
Fechas asociadas al nombre 1840-1892)
9 (RLIN) 155241
651 #4 - PUNTO DE ACCESO ADICIONAL DE MATERIA--NOMBRE GEOGRÁFICO
Nombre geográfico África central-
Subdivisión general Descripción.
9 (RLIN) 155240
700 1# - ENTRADA AGREGADA--NOMBRE PERSONAL
Nombre de persona Coroleu é Inglada, José.
9 (RLIN) 40650
852 ## - LOCALIZACIÓN
Ubicación ES-MaACL
Número de control de estantería B-2132
Nota libre - Enc. hol. deteriorada
856 ## - LOCALIZACIÓN Y ACCESO ELECTRÓNICOS
Identificador Uniforme de Recursos <a href="http://bdh-rd.bne.es/viewer.vm?id=0000007914&page=1 ">http://bdh-rd.bne.es/viewer.vm?id=0000007914&page=1 </a>
Nota pública Biblioteca Digital Hispánica
Holdings
Estatus retirado Estado de pérdida Estado de daño No para préstamo Colección Biblioteca de origen Biblioteca actual Ubicación en estantería Fecha de adquisición Fuente de adquisición Total de préstamos Signatura topográfica completa Código de barras Visto por última vez Precio de reemplazo Tipo de ítem Koha
        Colección digital Biblioteca del Ateneo de Madrid Biblioteca del Ateneo de Madrid Sala Pardo Bazán 17/01/2008     B-2132 1173800 23/02/2023 23/02/2023 Libro impreso antiguo